Análisis del fortalecimiento a la seguridad nacional del Cuerpo Especializado de Seguridad Aeroportuaria y : (Registro nro. 8646)

Detalles MARC
000 -CABECERA
campo de control de longitud fija 02950nam a22002537a 4500
003 - IDENTIFICADOR DEL NÚMERO DE CONTROL
campo de control DO-SdBJH
005 - FECHA Y HORA DE LA ÚLTIMA TRANSACCIÓN
campo de control 20260511221211.0
008 - DATOS DE LONGITUD FIJA--INFORMACIÓN GENERAL
campo de control de longitud fija 260508b2025 |||ad||| |||| 00| 0 spa d
040 ## - FUENTE DE LA CATALOGACIÓN
Centro catalogador/agencia de origen DO-SdBJH
Lengua de catalogación spa
Centro/agencia transcriptor DO-SdBJH
041 0# - CÓDIGO DE LENGUA
Código de lengua del texto/banda sonora o título independiente spa
090 ## - LOCALMENTE ASIGNADO TIPO-LC NÚMERO DE CLASIFICACIÓN (OCLC); NÚMERO DE CLASIFICACIÓN LOCAL (RLIN)
Número de clasificación (OCLC) (R) ; Numero de clasificación, CALL (RLIN) (NR) CT E-CEMC 0008
Número cutter local (OCLC) ; Número de libro/Signatura topográfica íntegra, CALL (RLIN) EGDC 2025
100 1# - ENTRADA PRINCIPAL--NOMBRE DE PERSONA
Nombre de persona Rodríguez Rijo, Luis Eladio
Término indicativo de función/relación sustentante
245 1# - MENCIÓN DE TÍTULO
Título Análisis del fortalecimiento a la seguridad nacional del Cuerpo Especializado de Seguridad Aeroportuaria y :
Resto del título Aviación Civil en el periodo 2022-2024 /
260 ## - PUBLICACIÓN, DISTRIBUCIÓN, ETC.
Lugar de publicación, distribución, etc. Santo Domingo, República Dominicana :
Nombre del editor, distribuidor, etc. UNADE,
Fecha de publicación, distribución, etc. 2025.
300 ## - DESCRIPCIÓN FÍSICA
Extensión xvi, 137 páginas
Otras características físicas Ilustraciones y gráficas
502 ## - NOTA DE TESIS
Nota de tesis Tesis y trabajo de grado (Especialidad en Comando y Estado Mayor Conjunto) -- Universidad Nacional para la Defensa "General Juan Pablo Duarte y Díez", Escuela de Graduados de Doctrina Conjunta, Santo Domingo 2025.
504 ## - NOTA DE BIBLIOGRAFÍA, ETC.
Nota de bibliografía, etc. Incluye referencias bibliográficas, apéndice y anexo.
505 ## - NOTA DE CONTENIDO CON FORMATO
Nota de contenido con formato Principales medidas implementadas por el CESAC en el periodo 2022-2024para mejorar la seguridad aeroportuaria y su vinculación con la Seguridad Nacional --Desafíos y limitaciones del CESAC en materia de seguridad --Impactos de las acciones del CESAC en la Seguridad Nacional.
520 ## - SUMARIO, ETC.
Sumario, etc. El estudio analiza el papel del Cuerpo Especializado en Seguridad Aeroportuaria y de la Aviación Civil (CESAC) en el fortalecimiento de la defensa y seguridad nacional de la Repùblica Dominicana durante el periodo 2022-2024. Mediante un enfoque mixto, se evalúan las acciones desarrolladas por la institución para modernizar la protección aeroportuaria, optimizar los protocolos de inspección , fortalecer la cooperación interinstitucional y elevar la profesionalización del personal. El análisis se fundamenta en un solo marco normativo conformado por la Ley núm.. 188-11 sobre Seguridad Aeroportuaria y de la Aviación Civil, la Ley Orgánica de las Fuerzas Armadas núm. 126-13 y el Anexo 17 del Convenio sobre Aviación Civil Internacional (OACI). Durante el periodo analizado el CESAC incrementó su capacidad operativa con tecnología avanzada, unidades caninas y videovigilancia estratégica, orientadas a la prevención del terrorismo, narcotráfico y contrabando. Además las entrevistas al personal experto arrojaron que se registraron avances en coordinación entre instituciones entre instituciones estatales, simulacros conjuntos y tiempos de respuestas entre estos. Sin embargo, persisten desafíos vinculados a la capacitación continua y limitaciones tecnológicas. Se concluye que este ha fortalecido la defensa nacional, aunque requiere mantener inversiones sostenidas, planificacion estrategica y evaluacion permanente para garantizar altos estándares en la protección aeroportuaria.
700 1# - PUNTO DE ACCESO ADICIONAL--NOMBRE DE PERSONA
Nombre de persona Reyes, Emmanuel
Término indicativo de función/relación sustentante
700 1# - PUNTO DE ACCESO ADICIONAL--NOMBRE DE PERSONA
Nombre de persona Suriel Rosario, Fausto Antonio
Término indicativo de función/relación asesor metodológico
700 1# - PUNTO DE ACCESO ADICIONAL--NOMBRE DE PERSONA
Nombre de persona Hernandez Souffont, Julio Cèsar
Término indicativo de función/relación asesor de contenido
942 ## - ELEMENTOS DE PUNTO DE ACCESO ADICIONAL (KOHA)
Fuente del sistema de clasificación o colocación Clasificación Local
Tipo de ítem Koha Tesis

No hay ítems disponibles.

© Copyright 2016. Universidad Nacional para la Defensa.Todos los derechos reservados.

 

Designed & Maintained by: https://www.sibdweb.com.do
Sistema de Información & Bibliotecas (SIBD). Contact: pbrito2005@gmail.com